Can you name every Survivor contestant? (Part 2: S35-45) - Statistics

General Stats
  • This quiz has been taken 3,579 times
    361 since last reset
  • The average score is 120 of 199
Answer Stats
Hint Answer % Correct
Janani "J Maya" Krishnan-Jha
95%
Ben Driebergen
93%
Ben Katzman
93%
Chris Noble
92%
Chris Underwood
92%
Mike Gabler
91%
Mike Turner
91%
Mike White
91%
Mike Zahalsky
91%
Nick Wilson
89%
Wendell Holland
87%
Dee Valladares
85%
Eric Hafemann
85%
Survivor: David vs. Goliath John Hennigan
85%
Domenick Abbate
84%
Marya Sherron
84%
Tom Laidlaw
83%
Angelina Keeley
82%
Chrissy Hofbeck
81%
Dan Rengering
81%
Dan Spilo
81%
Erika Casupanan
81%
Jessica Chong
81%
Julie Alley
81%
Julie Rosenberg
81%
Maryanne Oketch
81%
Tommy Sheehan
81%
Yamil "Yam Yam" Arocho
81%
Christian Hubicki
80%
Kellie Nalbandian
80%
Lauren Beck
80%
Lauren Harpe
80%
Lauren O'Connell
80%
Lauren Rimmer
80%
Devon Pinto
79%
Natalie Cole
79%
Ryan Medrano
79%
Ryan Ulrich
79%
Rick Devens
78%
Carl Boudreaux
77%
Gabby Pascuzzi
77%
Laurel Johnson
76%
Carolyn Wiger
75%
Gavin Whitson
75%
Kara Kay
74%
Kellee Kim
74%
Kenzie Petty
74%
Austin Li Coon
72%
Charlie Davis
72%
Jonathan Young
72%
Xander Hastings
72%
Carson Garrett
70%
Survivor 46 David Jelinsky
70%
Davie Rickenbacker
70%
Maria Shrime Gonzalez
70%
Quintavius "Q" Burdette
70%
Jesse Lopez
69%
Omar Zaheer
69%
Ricard Foyé
69%
Shantel "Shan" Smith
69%
Ali Elliot
68%
Alison Raybould
68%
Dean Kowalski
68%
Moriah Gaynor
68%
Survivor: David vs. Goliath Pat Cusack
68%
Sebastian Noel
68%
Tiffany Nicole Ervin
68%
Jake O'Kane
67%
Owen Knight
66%
Drew Basile
65%
Alec Merlino
64%
Cassidy Clark
64%
Cody Assenmacher
64%
Danny Massa
64%
Danny McCray
64%
Emily Flippen
64%
Lindsay Carmine
64%
Lindsay Dolashewich
64%
Noura Salman
64%
Romeo Escobar
64%
Victoria Baamonde
64%
Survivor 44 Bruce Perrault
63%
Janet Carbin
63%
Kaleb Gebrewold
63%
Brandon "Brando" Meyer
62%
Deshawn Radden
62%
Donathan Hurley
62%
Hunter McKnight
62%
Karla Cruz Godoy
62%
Katurah Topps
62%
Heather Aldret
61%
Joe Mena
61%
Venus Vafa
61%
Brandon Cottom
60%
Brandon Donlon
60%
Heidi Lagares-Greenblatt
60%
Liz Wilcox
60%
Reem Daly
60%
Bradley Kleihege
59%
Brad Reese
59%
Elizabeth Beisel
59%
Elizabeth Olson
59%
Angela Perkins
58%
Ashley Nolan
58%
Julia Carter
58%
Natalia Azoqa
58%
Ron Clark
58%
Sarah Wade
58%
Sara Wilson
58%
Bhanu Gopal
57%
Jack Nichting
57%
Jessica Peet
57%
Matt Blankinship
57%
Desi Williams
56%
Evelyn "Evvie" Jagoda
56%
Survivor 45 Hannah Rose
56%
James Jones
56%
James Lim
56%
Jessica Johnston
56%
Liana Wallace
56%
Lyrsa Torres
56%
Wendy Diaz
56%
Drea Wheeler
54%
Frannie Marin
54%
Hai Giang
54%
Jairus "JD" Robinson
54%
JP Hilsabeck
54%
Missy Byrd
54%
Aurora McCreary
53%
Tevin Davis
53%
Tiffany Seely
53%
Bi Nguyen
52%
Survivor: Ghost Island Michael Yerger
52%
Sabiyah Broderick
52%
Soda Thompson
52%
Jamal Shipman
51%
Kendra McQuarrie
51%
Tori Meehan
51%
Dan "Wardog" DaSilva
50%
Genie Chen
50%
Survivor: Edge of Extinction Keith Sowell
50%
Kellyn Bechtold
50%
Nicholas "Sifu" Alsup
50%
Noelle Lambert
50%
Sean Edwards
50%
Stephanie Johnson
50%
Sydney Segal
50%
Geo Bustamante
49%
Chelsea Townsend
48%
Chelsea Walker
48%
Elaine Stott
48%
Jacob Derwin
48%
Karishma Patel
48%
Survivor 43 Morriah Young
48%
Roark Luskin
48%
Survivor: Ghost Island Stephanie Gonzalez
48%
Zach Wurtenberger
48%
Daniel Strunk
47%
Jem Hussain-Adams
46%
Patrick Bolton
46%
Sami Layadi
46%
Tim Spicer
46%
Survivor 41 Eric Abraham
45%
Survivor: Heroes vs. Healers vs. Hustlers Katrina Radke
45%
Alan Ball
44%
Cole Medders
44%
Survivor 42 Jackson Fox
44%
Jaime Lynn Ruiz
44%
Jeanine Zheng
44%
Jeremy Crawford
44%
Matthew Grinstead-Mayle
44%
Jenny Kim
43%
Lydia Meredith
43%
Rocksroy Bailey
43%
Chanelle Howell
42%
Jenna Bowman
42%
Libby Vincek
42%
Naseer Muttalif
42%
Randen Montalvo
42%
Aaron Meredith
41%
Desiree Afuye
41%
Josh Wilder
41%
Kane Fritzler
41%
Dwight Moore
39%
Elie Scott
39%
Brendan Shapiro
37%
Maddy Pomilla
37%
Justine Brennan
36%
Molly Byman
36%
Nneka Ejere
36%
David Voce
35%
Helen Li
35%
Survivor: Island of the Idols Ronnie Bardah
34%
Swati Goel
34%
Vince Moua
34%
Jason Linden
32%
Morgan Ricke
32%
Simone Nguyen
32%
Claire Rafson
26%
No matching quizzes found
Score Distribution
Percent of People with Each Score
Percentile by Number Answered
Your Score History
You have not taken this quiz since the last reset